000 00519nam a2200157 a 4500
005 20140310183455.0
008 090807s19uu xx 00 eng d
050 _aRJ 499
_b.N44 1982
245 _aNew directions in childhood psychopathology :
_bvol. 2 : deviations in development /
260 _aNew York :
_bInternational Universities Press, Inc,
_c1982.
300 _a1177 p. :
_c22 cm.
521 _aNUR
650 _aChild psychopathology
_xAddresses
_xEssays
_xLectures.
942 _cBK
_2lcc
_kFOR
999 _c23590
_d23590